00760nam a2200229Ia 4500003000400000005001700004008004100021020002200062040000700084041000800091082001600099100002800115245003900143260006500182300001600247365001300263650003300276906004200309942001200351999001900363952014800382OSt20230529115021.0210423s2015 xx 000 0 und d a978-93-81695-74-6 cAL aeng a658.87 SINR aSINGH (Kuldeep)9115810 aRetail management in new dimension aNew DelhibGlobal academic publishers and distributorsc2015 axix,507bPB b450cINR aMarketing Management9115811 adimension ; management ; new ; Retail 2ddccBK c168314d168314 001040708MCOMaSACPGbSACPGd2017-02-13eIntact Bookhouseg450.00l2o658.87 SINRpPG014816r2024-05-11 00:00:00s2023-09-01w2021-04-26yBK